[Event "Tema op 7th"]
[Site "Tema"]
[Date "2022.01.08"]
[Round "3"]
[White "Arko Dadzie, George Kweku"]
[Black "Koney, Nii Koney Kwaku"]
[Result "0-1"]
[WhiteElo "1508"]
[BlackElo "1603"]
[PlyCount "87"]
[EventDate "2022.01.07"]
[EventType "swiss"]
[EventRounds "7"]
[EventCountry "GHA"]
[SourceTitle "EXT 2023"]
[Source "ChessBase"]
[SourceDate "2022.10.05"]
[SourceVersion "1"]
[SourceVersionDate "2022.10.05"]
[SourceQuality "1"]

1. d4 d5 2. Nf3 h6 3. Bf4 Nf6 4. e3 e6 5. Bd3 c5 6. dxc5 Bxc5 7. 0-0 0-0 8. c4 Nc6 9. Qc2 Re8 10. Ne5 Bd6 11. Nxf7 Kxf7 12. Bg6+ Kf8 13. Bxe8 Kxe8 14. Qg6+ Kf8 15. Nd2 Ne7 16. Qc2 Qc7 17. Bg3 e5 18. f4 Bf5 19. Qd1 e4 20. Nb3 Bc5 21. Nd4 Bg4 22. Qd2 Qb6 23. h3 Bd7 24. Bf2 Nf5 25. g4 Nxd4 26. exd4 Bd6 27. Kg2 Qc7 28. Be3 Qc8 29. f5 Bb5 30. Rf2 Qd8 31. g5 hxg5 32. Bxg5 Qe8 33. Qe3 Qh5 34. Bf4 Be7 35. Qg3 Qxf5 36. Be5 Qh5 37. Rg1 Kf7 38. Kh2 Rg8 39. Qf4 Bd7 40. Rg3 Rh8 41. Bxf6 gxf6 42. Qe5 Be6 43. Rxf6+ Bxf6 44. Qc7+ 0-1

[Event "Accra zt 4.4"]
[Site "Accra"]
[Date "2016.04.04"]
[Round "8"]
[White "Bodjona, Abalou Bitchareou"]
[Black "Arko Dadzie, George Kweku"]
[Result "0-1"]
[WhiteElo "1370"]
[BlackElo "1560"]
[PlyCount "36"]
[EventDate "2016.03.29"]
[EventType "swiss"]
[EventRounds "9"]
[EventCountry "GHA"]
[SourceTitle "CBM 171 Extra"]
[Source "ChessBase"]
[SourceDate "2016.04.26"]
[SourceVersion "1"]
[SourceVersionDate "2016.04.26"]
[SourceQuality "1"]

1. Nf3 c5 2. g3 Nc6 3. Bg2 g6 4. 0-0 Bg7 5. c3 Nf6 6. Re1 0-0 7. d4 cxd4 8. Nxd4 Nxd4 9. Qxd4 d6 10. Qh4 Qb6 11. Nd2 Ng4 12. e3 Bf6 13. Qh3 Nxe3 14. Qh6 Nc2 15. Ne4 Nxe1 16. Bg5 Bg7 17. Qh4 f6 18. Rxe1 fxg5 0-1

[Event "Accra President's Cup 4th"]
[Site "Accra"]
[Date "2014.07.01"]
[Round "8"]
[White "Arko Dadzie, George Kweku"]
[Black "Balogun, Oluwafemi Daniel"]
[Result "0-1"]
[WhiteElo "1565"]
[BlackElo "2209"]
[PlyCount "58"]
[EventDate "2014.06.27"]
[EventType "swiss"]
[EventRounds "9"]
[EventCountry "GHA"]
[SourceTitle "EXT 2018"]
[Source "ChessBase"]
[SourceDate "2017.10.13"]
[SourceVersion "1"]
[SourceVersionDate "2017.10.13"]
[SourceQuality "1"]

1. d4 Nf6 2. Nf3 g6 3. c4 Bg7 4. Nc3 0-0 5. e4 d6 6. h3 e5 7. d5 a5 8. a4 Na6 9. Be3 b6 10. Qd2 Nd7 11. Bg5 f6 12. Bh6 Bxh6 13. Qxh6 Nb4 14. Qd2 Nc5 15. Qd1 f5 16. Nd2 Qg5 17. h4 Qf4 18. g3 Qh6 19. Nb3 Nxe4 20. Nxe4 fxe4 21. Nd2 e3 22. Ne4 exf2+ 23. Nxf2 Qe3+ 24. Qe2 Nc2+ 25. Kd1 Rxf2 26. Qxe3 Nxe3+ 27. Ke1 Rxb2 28. Bd3 Bg4 29. h5 e4 0-1

[Event "African Games op 10th"]
[Site "Maputo"]
[Date "2011.09.10"]
[Round "6.4"]
[White "Magana, Ben"]
[Black "Arko Dadzie, George Kweku"]
[Result "1-0"]
[WhiteElo "2120"]
[BlackElo "1630"]
[PlyCount "55"]
[EventDate "2011.09.05"]
[EventType "team-swiss"]
[EventRounds "9"]
[EventCountry "MOZ"]
[SourceTitle "CBM 144 Extra"]
[Source "ChessBase"]
[SourceDate "2011.10.28"]
[SourceVersion "1"]
[SourceVersionDate "2011.10.28"]
[SourceQuality "1"]
[WhiteTeam "Kenya"]
[BlackTeam "Ghana"]
[WhiteTeamCountry "KEN"]
[BlackTeamCountry "GHA"]

1. e4 e6 2. d4 d5 3. e5 c5 4. c3 Nc6 5. Nf3 h6 6. Bd3 Bd7 7. dxc5 Bxc5 8. 0-0 Nge7 9. Nbd2 Ng6 10. Nb3 Bb6 11. Re1 Qc7 12. Qe2 a5 13. Nbd4 Nxd4 14. Nxd4 0-0 15. Qh5 Bxd4 16. cxd4 Be8 17. g4 Qe7 18. g5 hxg5 19. Bxg5 Qb4 20. Re3 Bb5 21. Rh3 f5 22. Bxb5 Kf7 23. Rc1 Rac8 24. Rhc3 Rxc3 25. Rxc3 Qxd4 26. Rc7+ Kg8 27. Rxg7+ Kxg7 28. Qh6+ 1-0

[Event "African Games op 10th"]
[Site "Maputo"]
[Date "2011.09.08"]
[Round "4.4"]
[White "Arko Dadzie, George Kweku"]
[Black "Dennis, Frans"]
[Result "0-1"]
[WhiteElo "1630"]
[BlackElo "2027"]
[PlyCount "96"]
[EventDate "2011.09.05"]
[EventType "team-swiss"]
[EventRounds "9"]
[EventCountry "MOZ"]
[SourceTitle "CBM 144 Extra"]
[Source "ChessBase"]
[SourceDate "2011.10.28"]
[SourceVersion "1"]
[SourceVersionDate "2011.10.28"]
[SourceQuality "1"]
[WhiteTeam "Ghana"]
[BlackTeam "Namibia"]
[WhiteTeamCountry "GHA"]
[BlackTeamCountry "NAM"]

1. d4 Nf6 2. c4 e6 3. a3 d5 4. Nc3 Be7 5. Bf4 0-0 6. Nf3 Nbd7 7. e3 Nh5 8. Bg3 c6 9. Bd3 f5 10. Be5 Nhf6 11. cxd5 cxd5 12. Ng5 Nxe5 13. dxe5 Ne4 14. Ngxe4 fxe4 15. Be2 Qc7 16. Qd4 Bc5 17. Nb5 Qa5+ 18. Qd2 Qxd2+ 19. Kxd2 Rxf2 20. Rac1 Bb6 21. Rhf1 Rxg2 22. Nd6 Bd7 23. Rc3 Rf8 24. Rfc1 d4 25. exd4 Bxd4 26. Rc7 Bc6 27. R7xc6 bxc6 28. Nxe4 Bxe5 29. Rxc6 Bxb2 30. Ra6 Bd4 31. Kd3 Rd8 32. Bf1 Bb6+ 33. Kc3 Rxh2 34. a4 Rh4 35. Ng5 Rd6 36. Kb3 Rh5 37. Ne4 Rd4 38. Nc3 Ra5 39. Rxa5 Bxa5 40. Bc4 Kf7 41. Nb5 Rd7 42. Na3 h5 43. Bb5 Rb7 44. Kc4 Rxb5 45. Nxb5 h4 46. Nd4 h3 47. Nf3 Kf6 48. Kd4 Bc7 0-1

[Event "Arco op 31st"]
[Site "Arco"]
[Date "2009.10.24"]
[Round "8"]
[White "Arko Dadzie, George Kweku"]
[Black "Kummer, Heinz"]
[Result "0-1"]
[WhiteElo "1440"]
[BlackElo "1863"]
[PlyCount "95"]
[EventDate "2009.10.17"]
[EventType "swiss"]
[EventRounds "9"]
[EventCountry "ITA"]
[SourceTitle "EXT 2010"]
[Source "ChessBase"]
[SourceDate "2010.11.25"]
[SourceVersion "1"]
[SourceVersionDate "2010.11.25"]
[SourceQuality "1"]

1. d4 g6 2. g3 Bg7 3. Bg2 d5 4. c3 c6 5. Nf3 Nd7 6. 0-0 Ngf6 7. Nbd2 0-0 8. Re1 Re8 9. e4 dxe4 10. Nxe4 Nxe4 11. Rxe4 Nf8 12. Qb3 Qd5 13. Qxd5 cxd5 14. Re2 e6 15. Nh4 Bd7 16. Bd2 Bb5 17. Ree1 Nd7 18. b3 Bc6 19. Bf1 a6 20. a4 b5 21. Nf3 Reb8 22. Bf4 Rc8 23. Rec1 bxa4 24. bxa4 Nb6 25. a5 Nc4 26. Bxc4 dxc4 27. Rab1 Bxf3 28. Rb6 h6 29. Rcb1 Kh7 30. Rd6 g5 31. Be3 Kg8 32. Rbb6 Rcb8 33. d5 Bxd5 34. f4 Bxc3 35. f5 Bxa5 36. Rxb8+ Rxb8 37. Rxa6 Bc3 38. fxe6 Bxe6 39. Kf2 Bf6 40. Ke2 Rb2+ 41. Kd1 Rxh2 42. Ra8+ Kg7 43. Bc5 Kg6 44. Rg8+ Kf5 45. Bd6 Ke4 46. Rb8 Kd3 47. Ke1 Bd4 48. g4 0-1

[Event "Arco op 31st"]
[Site "Arco"]
[Date "2009.10.18"]
[Round "2"]
[White "Arko Dadzie, George Kweku"]
[Black "Buck, Klaus Michael"]
[Result "1-0"]
[WhiteElo "1440"]
[BlackElo "1837"]
[PlyCount "127"]
[EventDate "2009.10.17"]
[EventType "swiss"]
[EventRounds "9"]
[EventCountry "ITA"]
[SourceTitle "EXT 2010"]
[Source "ChessBase"]
[SourceDate "2010.11.25"]
[SourceVersion "1"]
[SourceVersionDate "2010.11.25"]
[SourceQuality "1"]

1. d4 e6 2. Nf3 Nf6 3. Bg5 Be7 4. e3 d5 5. Bd3 h6 6. Bf4 c5 7. c4 cxd4 8. Nxd4 Bb4+ 9. Nc3 Bd7 10. Rc1 dxc4 11. Bxc4 Nc6 12. Ndb5 Rc8 13. Nd6+ Bxd6 14. Bxd6 Ne7 15. Qb3 Bc6 16. Bxe7 Qxe7 17. 0-0 0-0 18. h3 Nh7 19. f4 Qc5 20. Ne2 Qh5 21. Nd4 Bd5 22. Bxd5 Qxd5 23. Qxd5 exd5 24. Rfd1 Nf6 25. Nb5 a6 26. Nd6 Rc6 27. Rxc6 bxc6 28. Rc1 Rb8 29. b3 Ne8 30. Rxc6 d4 31. exd4 Rd8 32. Rc8 Rxd6 33. Rxe8+ Kh7 34. Kf2 Rxd4 35. Ke3 Rd1 36. Ra8 Rd6 37. f5 f6 38. Re8 Rd1 39. Ra8 Rd6 40. b4 h5 41. Re8 Rd1 42. Re6 a5 43. bxa5 Rd5 44. a6 Rxf5 45. a7 Ra5 46. Re7 Rxa2 47. Kd3 Kg6 48. Kc3 f5 49. Kb3 Ra1 50. Rd7 Kf6 51. Kb4 g5 52. Kb5 f4 53. Kb6 g4 54. Rd6+ Kg5 55. Rd5+ Kg6 56. Ra5 Rb1+ 57. Ka6 Re1 58. a8Q Re6+ 59. Kb5 Re5+ 60. Kc4 Rxa5 61. Qxa5 f3 62. gxf3 gxh3 63. f4 h4 64. Kd4 1-0